WoT Blitz: All Tier 10 Tanks - Statistics

General Stats
  • This quiz has been taken 338 times
    19 since last reset
  • The average score is 42 of 83
Answer Stats
Nation Type Answer % Correct
USSR HT IS-7
79%
USA HT T110E5
79%
Japan HT Type 5 Heavy
79%
France HT AMX 50 B
71%
France TD AMX 50 Foch (155)
71%
Germany HT E 100
71%
USSR HT IS-4
71%
Germany MT Leopard 1
71%
Germany HT Maus
71%
USA TD T110E3
71%
USA TD T110E4
71%
USA LT XM551 Sheridan
71%
France LT Bat.-Châtillon 25 t
64%
China HT BZ-75
64%
EU TD Controcarro 3 Minotauro
64%
Germany MT E 50 ausf. M
64%
UK TD FV4005
64%
UK MT FV4202
64%
Germany TD Grille 15
64%
Japan TD Ho-Ri Type III
64%
USA MT M60
64%
USSR MT Object 140
64%
UK HT Super Conqueror
64%
USSR LT T-100 LT
64%
Japan HT Type 71
64%
UK LT Vickers Light 105
64%
China MT WZ-121
64%
UK HT FV215b
57%
UK TD FV215b (183)
57%
UK TD FV217 Badger
57%
Germany TD Jagdpanzer E 100
57%
EU HT Kranvagn
57%
USA MT M48 Patton
57%
USSR TD Object 263
57%
USSR TD Object 268
57%
EU MT Progetto M40 mod. 65
57%
USA HT T57 Heavy Tank
57%
USSR MT T-62A
57%
Germany HT VK 72.01 (K)
57%
China HT WZ-113
57%
France MT AMX 30 B
50%
Germany HT Kampfpanzer 70
50%
USA HT M-VI-Yoh
50%
USSR HT Object 260
50%
France MT Projet Murat
50%
Japan MT STB-1
50%
China LT WZ-132-1
50%
China HT 114 SP2
43%
China MT 121B
43%
EU HT 60TP Lewandowskiego
43%
Hybrid HT AC-10 Atlas
43%
USA HT Concept 1B
43%
EU MT CS-63
43%
EU HT Felice
43%
Germany MT Kampfpanzer 50 t
43%
EU MT Lion
43%
USSR TD Object 268 Version 4
43%
Germany LT Rheinmetall Panzerwagen
43%
EU MT TVP T 50/51
43%
China TD WZ-113G FT
43%
EU MT Carro da Combattimento 45t
36%
UK HT Chieftain Mk. 6
36%
EU TD NC 70 Błyskawica
36%
USSR MT Object 907
36%
EU HT Rinoceronte
36%
USSR MT T-22 medium
36%
USA HT T95E6
36%
Germany HT VK 90.01 (P)
36%
EU HT Vz. 55
36%
USA LT XM551 Sheridan Missile
36%
USA TD XM66F
36%
France HT AMX M4 mle. 54
29%
China HT BZT-70
29%
Germany HT Kampfpanzer 70 Missile
29%
USSR HT Object 777 Version II
29%
USA HT SPHT
29%
EU HT Strv K
29%
China HT WZ-111 model 5A
29%
China HT 116-F3
21%
UK HT GSOR the TANK
21%
Germany TD Waffen F1.0
21%
Hybrid MT AC-110 Teichos
14%
Japan HT Type 5 Heavy Zetsu
14%
No matching quizzes found
Score Distribution
Percent of People with Each Score
Percentile by Number Answered
Your Score History
You have not taken this quiz since the last reset